Normal view
MARC view
Entry Personal Name
001 - CONTROL NUMBER
- control field: 81379
003 - CONTROL NUMBER IDENTIFIER
- control field: dpl
005 - DATE AND TIME OF LATEST TRANSACTION
- control field: 20250523150751.0
008 - FIXED-LENGTH DATA ELEMENTS
- fixed length control field: 250523|| aca||aabn | a|a d
040 ## - CATALOGING SOURCE
- Original cataloging agency: dpl
- Transcribing agency: dpl
100 ## - HEADING--PERSONAL NAME
- Personal name: Bhandari, Bhupesh
670 ## - SOURCE DATA FOUND
- Source citation: Work cat.: (dpl)180006: Bhandari, Bhupesh, Spectrum grab:, 2012
